[Event "It (c)"]
[Site "masterchessopen.com - Balatonlelle (Hungary)"]
[Date "2005.06.23"]
[Round "6"]
[White "Schaufelberger Heinz (SUI)"]
[Black "Eisenbeiser Amadeus (GER)"]
[Result "0-1"]
[WhiteElo "2349"]
[BlackElo "2362"]

1.d4 Nf6 2.c4 c5 3.d5 e6 4.Nc3 exd5 5.cxd5 d6 6.e4 g6 7.Nf3 Bg7 8.Bg5 h6 9.Bh4
a6 10.Nd2 b5 11.a4 b4 12.Ncb1 Qe7 13.Bd3 g5 14.Bg3 Nxd5 15.Nc4 Nf4 16.Bxf4
gxf4 17.Nb6 Bb7 18.Nxa8 Bxa8 19.O-O Bxb2 20.Ra2 Bd4 21.Nd2 Rg8 22.Nf3 Bc3
23.a5 Qe6 24.Rc2 c4 25.Rxc3 bxc3 26.Bc2 Nc6 27.Ba4 Kf8 28.Ne1 Nxa5 29.Qc1 Qxe4
{#R} 0-1

[Event "It (open)"]
[Site "masterchessopen.com - Sitges (Spain)"]
[Round "9"]
[White "Del Rey Diego (ESP)"]
[Black "Lacasa Diaz Jose Antonio (ESP)"]
[Result "1-0"]
[WhiteElo "2425"]
[BlackElo "2420"]

1.d4 Nf6 2.c4 e6 3.Nf3 c5 4.d5 d6 5.Nc3 exd5 6.cxd5 g6 7.e4 Bg7 8.Bg5 h6 9.Bh4
O-O 10.Nd2 Na6 11.Be2 Nc7 12.O-O Rb8 13.a4 b6 14.f4 Qd7 15.Nc4 Ba6 16.e5 dxe5
17.d6 Bxc4 18.dxc7 Qxc7 19.Bxc4 exf4 20.Bxf6 Bxf6 21.Nd5 Qe5 22.Rxf4 Bg7
23.Rb1 Rbd8 24.Qf3 Kh8 25.Re4 Qg5 26.h4 Qd2 27.Rd1 Qa5 28.Re7 Qxa4 29.b3 Qc6
30.Rc7 Qd6 31.Rb7 Rd7 32.Rxd7 Qxd7 33.Kh1 b5 34.Nc3 Qe7 35.Nxb5 Qxh4+ 36.Qh3
Qe7 37.Qg3 Kh7 38.Re1 Qd7 39.Qd6 Qg4 40.Re2 a6 41.Nc7 Qg5 42.g3 Rd8 43.Qf4
Rd1+ 44.Kg2 Qh5 45.Qh4 Qf5 46.Rf2 Qd7 47.Qf4 Qc6+ 48.Qf3 Qxf3+ 49.Rxf3 f5
50.Re3 Rd2+ 51.Kf1 h5 52.Re7 Kh6 53.Nd5 Bd4 54.Be2 Rb2 55.Rb7 a5 56.Rb5 Kg5
57.Nf4 h4 58.Nh3+ Kf6 59.gxh4 Ke5 60.Rb8 a4 61.Re8+ Kd5 62.bxa4 Be5 63.Rd8+
Ke4 64.Nf2+ {#r} 1-0

[Event "Ch Croatia (team) (3rd league)"]
[Site "masterchessopen.com - Croatia"]
[Date "2005.10.16"]
[Round "8"]
[White "Bajan Darko (CRO)"]
[Black "Vidalina Franja (CRO)"]
[Result "0-1"]
[WhiteElo "1996"]
[BlackElo "2107"]

1.d4 Nf6 2.c4 e6 3.Nc3 c5 4.d5 exd5 5.cxd5 d6 6.e4 g6 7.Bg5 Bg7 8.Nf3 O-O
9.Bd3 a6 10.a4 Bg4 11.h3 Bxf3 12.Qxf3 Nbd7 13.Qd1 Qb6 14.Qc2 Rfe8 15.O-O Ne5
16.a5 Qc7 17.f4 Nxd3 18.Qxd3 Nd7 19.Bh4 c4 20.Qc2 Nc5 21.Rf3 Nb3 22.Ra2 Nd4
23.Qd1 Nxf3+ 24.Qxf3 b5 25.axb6 Qxb6+ 26.Bf2 Qb3 27.Ra3 Qxb2 28.Na4 Qb1+
29.Kh2 Qxe4 30.Nb6 Qxf3 31.gxf3 Ra7 32.Nxc4 Rc7 33.Nxd6 Rc2 34.Kg3 Ree2 35.Ne4
f5 36.Be3 Rg2+ 37.Kh4 fxe4 38.Rxa6 exf3 39.Re6 f2 40.Bxf2 Rcxf2 41.f5 Rf4# 0-1

[Event "Czech League 2005/06 (2nd) (a)"]
[Site "masterchessopen.com - Czech Republic"]
[Date "2005.10.16"]
[Round "1"]
[White "Hrubant Ivan (CZE)"]
[Black "Turner Radek (CZE)"]
[Result "1-0"]
[WhiteElo "2140"]
[BlackElo "2086"]

1.d4 Nf6 2.c4 c5 3.d5 e6 4.Nc3 exd5 5.cxd5 d6 6.e4 g6 7.Nf3 Bg7 8.Bg5 h6 9.Bh4
O-O 10.Nd2 a6 11.a4 g5 12.Bg3 Re8 13.Be2 Bf8 14.O-O Nbd7 15.f4 g4 16.Bxg4 Nxg4
17.Qxg4+ Kh8 18.Bh4 Nf6 19.Qf3 Be7 20.Nc4 Rg8 21.Nxd6 Bxd6 22.e5 Be7 23.d6 Nd5
24.dxe7 Nxe7 25.Bf6+ Kh7 26.Rad1 Qe8 27.Bxe7 Qxe7 28.Nd5 Qh4 29.Nf6+ Kh8
30.Qe4 {#r} 1-0

[Event "Ch Belgium (team) 2005/06"]
[Site "masterchessopen.com - Belgium"]
[Date "2005.12.04"]
[Round "5"]
[White "Groffen Hans (NED)"]
[Black "Schuermans Robert (BEL)"]
[Result "0-1"]
[WhiteElo "2210"]
[BlackElo "2265"]

1.d4 Nf6 2.c4 c5 3.d5 e6 4.Nc3 exd5 5.cxd5 d6 6.e4 g6 7.Nf3 Bg7 8.Bg5 a6 9.Nd2
O-O 10.a4 Qc7 11.Be2 Ne8 12.O-O f6 13.Bh4 Qf7 14.Nc4 Nd7 15.a5 Rb8 16.Na4 Qe7
17.Qc2 g5 18.Bg3 Ne5 19.Bxe5 fxe5 20.Nab6 Nc7 21.Nxc8 Rfxc8 22.Bg4 Rf8 23.b4
cxb4 24.Nb6 Rf4 25.f3 Nb5 26.Qc4 Nd4 27.Rac1 b3 28.g3 Rff8 29.Kg2 Qe8 30.Bd7
Qh5 31.Bg4 Qe8 32.Qa4 Qxa4 33.Nxa4 Bf6 34.Nb6 Bd8 35.Nd7 Bxa5 36.Nxb8 Rxb8
37.Rc8+ Rxc8 38.Bxc8 Bd2 39.Bxb7 a5 40.Bc6 Kf8 41.Ba4 b2 42.Rb1 Bc1 {#R} 0-1

[Event "It (open)"]
[Site "masterchessopen.com - Malaga (Spain)"]
[Date "2006.02.28"]
[Round "5"]
[White "Matamoros Franco Carlos S (ECU)"]
[Black "Dominguez Garcia Juan Antonio (ESP)"]
[Result "1-0"]
[WhiteElo "2534"]
[BlackElo "1969"]

1.d4 Nf6 2.c4 c5 3.d5 e6 4.Nc3 exd5 5.cxd5 d6 6.e4 g6 7.Bg5 Bg7 8.Nf3 O-O
9.Nd2 h6 10.Bh4 a6 11.a4 Re8 12.Be2 Nbd7 13.f4 Nf8 14.O-O Qc7 15.Kh1 N8h7
16.Bg3 g5 17.e5 Nd7 18.e6 Ndf6 19.fxg5 Nxg5 20.Nde4 Nfxe4 21.Nxe4 fxe6 22.Nxg5
hxg5 23.Bd3 Re7 24.Qh5 Bf8 25.Rxf8+ {#r} 1-0

[Event "Czech League 2005/06 (krajsky prebor)"]
[Site "masterchessopen.com - Czech Republic"]
[Date "2006.04.02"]
[Round "11"]
[White "Fiedler Bedrich (CZE)"]
[Black "Hradecky Ivo (CZE)"]
[Result "0-1"]
[WhiteElo "2199"]
[BlackElo "2028"]

1.d4 Nf6 2.Nf3 e6 3.c4 c5 4.d5 exd5 5.cxd5 d6 6.Nc3 g6 7.Bg5 Bg7 8.e4 O-O
9.Nd2 h6 10.Bh4 Re8 11.Be2 Nbd7 12.Qc2 g5 13.Bg3 Ne5 14.h4 g4 15.h5 a6
16.O-O-O b5 17.f4 gxf3 18.gxf3 c4 19.Rdg1 Bd7 20.Bh4 Kf8 21.f4 Nd3+ 22.Bxd3
cxd3 23.Qxd3 b4 24.Ne2 Bb5 25.Qe3 Bxe2 26.Qxe2 Bh8 27.Kb1 Qb6 28.Bf2 Qa5
29.Qd3 Rac8 30.Bd4 b3 31.Nxb3 Qa4 32.Rc1 Rxc1+ 33.Rxc1 Rxe4 34.Qc3 Nxd5
35.Qc8+ Re8 36.Qf5 Nb4 37.Rc8 Bxd4 38.Rxe8+ Qxe8 39.a3 Qe1+ 40.Nc1 Qd2 {#R}
0-1

[Event "It (open) \"]
[Site "masterchessopen.com - St.Petersburg (Russia)"]
[Date "2006.07.01"]
[Round "9"]
[White "Gnidenko Andrey (RUS)"]
[Black "Borisova Elizaveta (RUS)"]
[Result "0-1"]
[WhiteElo "2103"]
[BlackElo "2182"]

1.d4 Nf6 2.c4 c5 3.d5 e6 4.Nc3 exd5 5.cxd5 d6 6.e4 g6 7.Bg5 Bg7 8.Nf3 h6 9.Bf4
O-O 10.Nd2 Nh5 11.Be3 Nd7 12.Be2 Nhf6 13.O-O Ne5 14.h3 g5 15.f4 gxf4 16.Bxf4
Nfd7 17.Bg4 Qe7 18.Bf5 Ng6 19.Bh2 Nde5 20.Ne2 b5 21.Nf4 Nh4 22.Qh5 Nxf5
23.exf5 Nc4 24.Nxc4 bxc4 25.f6 Bxf6 26.Rae1 Bd4+ 27.Kh1 Qg5 28.Qxg5+ hxg5
29.Nh5 Bxb2 30.Bxd6 Rd8 31.Be7 Ba6 32.Rf5 Kh7 33.d6 Bd4 34.Rxg5 c3 35.Nf6+ Kh6
36.Ng4+ Kh7 37.Rh5+ Kg6 38.Rh6+ Kf5 39.Ne3+ Ke4 40.Nc2+ Kd3 41.Bxd8 Rxd8 42.d7
Kxc2 43.Rxa6 Kd2 44.Rf1 c2 45.Rxa7 c1=Q 46.Rxc1 Kxc1 47.a4 c4 48.Rc7 c3 {#R}
0-1

[Event "It (cat.7)"]
[Site "masterchessopen.com - Budapest (Hungary)"]
[Date "2006.12.04"]
[Round "2"]
[White "Rombaldoni Denis (ITA)"]
[Black "Smith Bryan G (USA)"]
[Result "1-0"]
[WhiteElo "2377"]
[BlackElo "2390"]

1.d4 Nf6 2.c4 e6 3.Nf3 c5 4.d5 d6 5.Nc3 exd5 6.cxd5 g6 7.e4 Bg7 8.Bg5 h6 9.Bh4
a6 10.a4 g5 11.Bg3 Nh5 12.Nd2 Nxg3 13.hxg3 Nd7 14.Nc4 Ne5 15.Nxe5 Bxe5 16.Ra3
g4 17.Rh5 Qf6 18.Rb3 Bd4 19.Qc2 Qg6 20.Rh1 f5 21.Ne2 Be5 22.Qd2 fxe4 23.Nf4
Qg5 24.Rb6 O-O 25.Rh5 Qf6 26.Be2 Bd4 27.Bc4 Bd7 28.Qe2 Rae8 29.Rxb7 e3 30.f3
Bxa4 31.Qd3 Rf7 32.Rxf7 Qxf7 33.Rxh6 Qb7 34.b3 Qb4+ 35.Ke2 Qa3 36.Qh7+ {#r}
1-0

[Event "Ch Region"]
[Site "masterchessopen.com - Lublin (Poland)"]
[Date "2007.02.25"]
[Round "4"]
[White "Dziubinski Pawel (POL)"]
[Black "Praszak Michal (POL)"]
[Result "0-1"]
[WhiteElo "2024"]
[BlackElo "2214"]

1.d4 Nf6 2.c4 c5 3.d5 e6 4.Nc3 exd5 5.cxd5 d6 6.e4 g6 7.Nf3 Bg7 8.Bg5 O-O
9.Bd3 a6 10.a4 Re8 11.O-O Nbd7 12.Re1 Qc7 13.Qc2 Ng4 14.h3 Nge5 15.Nxe5 Nxe5
16.Bf1 h6 17.Be3 g5 18.f4 gxf4 19.Bxf4 Ng6 20.Be3 Qe7 21.Qd2 Qh4 22.Bf2 Qf6
23.Be3 Ne5 24.Be2 Qg6 25.Kh2 f5 26.exf5 Bxf5 27.Rf1 Bd3 28.Bxd3 Nxd3 29.Rf3
Ne5 30.Rg3 Qxg3+ 31.Kxg3 Nc4 32.Qf2 Rxe3+ 33.Kh2 Rf8 34.Qh4 Nxb2 35.Ne4 Nd3
36.Rb1 b5 37.Nxd6 Be5+ 38.Kg1 Bxd6 39.Qxh6 Be5 40.Qg6+ Bg7 41.axb5 axb5
42.Rxb5 Nf4 43.Qg4 Rg3 44.Qxg3 Ne2+ 45.Kh2 Nxg3 46.Kxg3 Rd8 {#R} 0-1

[Event "Ch France (juniors) (under 16)"]
[Site "masterchessopen.com - Le Grand Bornand (France)"]
[Date "2007.04.13"]
[Round "9"]
[White "Laurent Maxime (FRA)"]
[Black "Baudson Charles (FRA)"]
[Result "0-1"]
[WhiteElo "2017"]
[BlackElo "2066"]

1.d4 Nf6 2.c4 c5 3.d5 e6 4.Nc3 exd5 5.cxd5 d6 6.e4 g6 7.Bg5 Bg7 8.Nf3 O-O
9.Nd2 a6 10.Be2 b5 11.Qc2 Re8 12.a4 b4 13.Nd1 a5 14.Ne3 Qc7 15.O-O Nbd7 16.f3
Nb6 17.Bb5 Bd7 18.Bxd7 Nfxd7 19.Rab1 h6 20.Bf4 g5 21.Bg3 Bd4 22.Bf2 Bxe3
23.Bxe3 Nxd5 24.Bxg5 hxg5 25.exd5 Re5 26.Ne4 Rae8 27.Qd2 c4 28.Qd4 Qb6 29.Nf6+
Kh8 30.Qxb6 Nxb6 31.Nxe8 Rxe8 32.b3 c3 33.Kf2 Nxd5 34.Rbd1 Nf4 35.Rfe1 Rxe1
36.Kxe1 Nxg2+ 37.Ke2 Nf4+ 38.Ke3 d5 39.Rh1 Kg7 40.Kd4 c2 41.Ke3 d4+ 42.Kd2 d3
43.Re1 Ne2 44.Rf1 Kf6 45.Rh1 Kf5 {#R} 0-1

[Event "Ch World (schools) (under 09)"]
[Site "masterchessopen.com - Halkidiki (Greece)"]
[Date "2007.05.02"]
[Round "6"]
[White "Satvik M (IND)"]
[Black "Lim De-Li Derek (SIN)"]
[Result "0-1"]
[WhiteElo "1907"]
[BlackElo "1861"]

1.d4 Nf6 2.Nf3 c5 3.d5 e6 4.c4 exd5 5.cxd5 d6 6.Nc3 g6 7.e4 Bg7 8.Bg5 O-O
9.Bd3 Bg4 10.O-O Nbd7 11.Be2 Qb6 12.Qc2 Rfe8 13.h3 Bxf3 14.Bxf3 h6 15.Bf4 Nh7
16.a4 Be5 17.Be3 a6 18.Rab1 Qc7 19.Rfc1 Rac8 20.Qd2 Nb6 21.b3 h5 22.Be2 Bxc3
23.Qxc3 Rxe4 24.Bh6 f5 25.Qf3 Rd4 26.Qe3 Qf7 27.a5 Re8 28.Qxd4 cxd4 29.axb6 g5
30.Rc7 Qf6 31.Bxh5 Rb8 32.Rg7+ Qxg7 33.Bxg7 Kxg7 34.Rc1 Nf6 35.Rc7+ Kh6 36.Bf7
d3 37.Kf1 Ne4 38.b4 a5 39.bxa5 Ra8 40.Rxb7 Rxa5 41.Ra7 Rc5 42.Ra1 d2 43.Rd1
Rc1 44.Ke2 Nc3+ 45.Kxd2 Rxd1+ 46.Kxc3 Rb1 47.Kd3 Rxb6 48.Be6 Kg6 49.g4 f4
50.Bf5+ Kf6 51.Be4 Rb3+ 52.Kc4 Rxh3 53.f3 Ke5 54.Kb5 Rg3 55.Kc6 Rxg4 56.fxg4
Kxe4 57.Kxd6 f3 58.Ke7 f2 59.d6 f1=Q 60.d7 Qd1 61.d8=Q Qxd8+ 62.Kxd8 Kf4
63.Ke7 Kxg4 64.Kf6 Kf4 65.Kg6 g4 66.Kf6 g3 67.Ke6 g2 68.Kf6 g1=Q 69.Ke6 Qc5
70.Kf7 Qd6 71.Kg7 Kg5 72.Kh7 Qe7+ 73.Kh8 Kg6 74.Kg8 Qg7# 0-1

[Event "It (open) \"]
[Site "masterchessopen.com - St. Petersburg (Russia)"]
[Date "2007.06.03"]
[Round "2"]
[White "Shpartko Grigory (RUS)"]
[Black "Rusakov Maxim (RUS)"]
[Result "1-0"]
[WhiteElo "2102"]
[BlackElo "2040"]

1.d4 Nf6 2.c4 e6 3.Nc3 c5 4.d5 exd5 5.cxd5 d6 6.e4 g6 7.Bg5 Bg7 8.Nf3 O-O
9.Nd2 a6 10.a4 Qc7 11.Bd3 Re8 12.O-O Nbd7 13.f4 b6 14.Qf3 Bb7 15.Rae1 Nf8
16.e5 N6d7 17.exd6 Qxd6 18.Nc4 Qc7 19.f5 Bxc3 20.bxc3 b5 21.fxg6 f6 22.gxh7+
Kh8 23.Bxf6+ Nxf6 24.Qxf6+ Qg7 25.Qxg7+ Kxg7 26.Rxe8 Rxe8 27.Nd6 {#r} 1-0

[Event "It (open) \"]
[Site "masterchessopen.com - Rowy (Poland)"]
[Date "2007.06.05"]
[Round "4"]
[White "Gralka Julian (POL)"]
[Black "Zdrojewski Wojciech (POL)"]
[Result "1-0"]
[WhiteElo "2284"]
[BlackElo "2199"]

1.d4 c5 2.d5 e6 3.c4 exd5 4.cxd5 d6 5.Nc3 Nf6 6.e4 g6 7.Nf3 Bg7 8.Bg5 h6 9.Bh4
O-O 10.Nd2 Na6 11.Be2 Nc7 12.a4 Qd7 13.O-O b6 14.f4 Ng4 15.Bxg4 Qxg4 16.Qxg4
Bxg4 17.Be7 Rfe8 18.Bxd6 Na6 19.e5 Nb4 20.a5 Bf5 21.b3 Rad8 22.Bc7 Nxd5
23.Bxd8 Nxc3 24.axb6 Rxd8 25.bxa7 Ra8 26.Nc4 Nb5 27.Ra5 Nxa7 28.Rfa1 Rb8
29.Rxa7 Rxb3 30.Nd6 Be6 31.Rc7 Rb4 32.g3 Bf8 33.Ra8 Kg7 34.Nxf7 {#r} 1-0

[Event "It (open) \"]
[Site "masterchessopen.com - Agios Kirykos (Greece)"]
[Date "2007.07.09"]
[Round "3"]
[White "Latifis Georgios (GRE)"]
[Black "Chasovnikova Eugenia (RUS)"]
[Result "0-1"]
[WhiteElo "1650"]
[BlackElo "2197"]

1.d4 Nf6 2.Nf3 c5 3.d5 e6 4.c4 exd5 5.cxd5 d6 6.Bg5 g6 7.Nc3 Bg7 8.e4 a6 9.a4
Bg4 10.Be2 h6 11.Bf4 O-O 12.O-O Re8 13.h3 Nxe4 14.Nxe4 Rxe4 15.hxg4 Rxf4
16.Nh2 Nd7 17.Qc2 Nb6 18.Rfd1 Rb4 19.Ra2 Bd4 20.Nf3 Rc8 21.b3 Nxd5 22.Bc4 Rxc4
23.Qxc4 Nc3 24.Rad2 Nxd1 25.Rxd1 d5 26.Qd3 Qb6 27.Nxd4 cxd4 28.Qxd4 Qxb3
29.Qxd5 Qxa4 30.Rd4 Qc6 31.Qb3 b5 32.Rf4 Qc1+ {#R} 0-1

[Event "It (open)"]
[Site "masterchessopen.com - Tibor (Czech Republic)"]
[Date "2007.08.05"]
[Round "9"]
[White "Meszaros Ludek (CZE)"]
[Black "Bartos Alois (CZE)"]
[Result "1-0"]
[WhiteElo "2208"]
[BlackElo "2050"]

1.d4 Nf6 2.c4 c5 3.d5 e6 4.Nc3 exd5 5.cxd5 d6 6.e4 g6 7.Nf3 Bg7 8.Bg5 h6 9.Bh4
O-O 10.Nd2 Re8 11.Be2 Na6 12.O-O Nc7 13.a4 a6 14.Re1 Rb8 15.f4 b5 16.Bf3 g5
17.fxg5 Nd7 18.gxh6 Bd4+ 19.Bf2 Qf6 20.Bxd4 Qxd4+ 21.Kh1 b4 22.Ne2 Qxb2 23.Bg4
Qf6 24.Ng3 Ne5 25.Bxc8 Rexc8 26.Nf5 Nxd5 27.Nf3 Nc3 28.Qxd6 Qxd6 29.Nxd6 Nxf3
30.gxf3 b3 31.Rg1+ Kh7 32.Rg7+ Kxh6 33.Nf5+ Kh5 34.Rag1 {#r} 1-0

[Event "It (open)"]
[Site "masterchessopen.com - Stillwater (USA)"]
[Date "2007.09.01"]
[Round "4"]
[White "Holt Conrad (USA)"]
[Black "Brownscombe Tom (USA)"]
[Result "1-0"]
[WhiteElo "2469"]
[BlackElo "2180"]

1.d4 Nf6 2.c4 e6 3.Nf3 c5 4.d5 exd5 5.cxd5 d6 6.Nc3 g6 7.Bg5 Bg7 8.e4 O-O
9.Bd3 a6 10.a4 Nbd7 11.O-O Re8 12.Re1 Qc7 13.a5 b5 14.axb6 Qxb6 15.Qc2 Ng4
16.Bf1 Nde5 17.Nd2 Rb8 18.Ra2 f5 19.h3 Nf6 20.f4 Nf7 21.Nc4 Qc7 22.Bh4 fxe4
23.Raa1 Bb7 24.Rad1 Qd7 25.Bxf6 Bxf6 26.Nxe4 Bg7 27.Na5 Ba8 28.b3 Qf5 29.Nc6
Bxc6 30.dxc6 Bd4+ 31.Rxd4 cxd4 32.c7 Ra8 33.Bxa6 Kf8 34.Bb7 Qa5 35.Rc1 d3
36.Qc6 d2 37.Nxd2 Rac8 38.Bxc8 Qa7+ 39.Kh1 Rxc8 40.Ne4 Ke7 41.Nc3 Qa8 42.Nd5+
{#r} 1-0

[Event "Tournament \"]
[Site "masterchessopen.com - Rio de Janeiro (Brazil)"]
[Date "2007.09.15"]
[Round "4"]
[White "Rolim C"]
[Black "Carvalho Renato Luiz (BRA)"]
[Result "1-0"]
[WhiteElo "2046"]
[BlackElo "2105"]

1.d4 Nf6 2.c4 c5 3.d5 e6 4.Nc3 exd5 5.cxd5 d6 6.e4 g6 7.Bg5 Bg7 8.Nf3 O-O
9.Bd3 a6 10.a4 Bg4 11.h3 Bxf3 12.Qxf3 Nbd7 13.Qe3 Re8 14.O-O Qc7 15.Kh1 c4
16.Be2 Nc5 17.f3 Nh5 18.Qf2 Nb3 19.Rad1 f5 20.g4 fxg4 21.hxg4 Nf6 22.Qh4 Rf8
23.Bh6 Rae8 24.Rf2 Bxh6 25.Qxh6 Nxe4 26.Nxe4 Rxe4 27.Rh2 Ref4 28.Rf1 Nc5
29.Kg2 Nxa4 30.Rfh1 Qg7 31.Qxg7+ Kxg7 32.Rxh7+ Kg8 33.g5 R4f5 34.Rxb7 Nc5
35.Rb6 Rxg5+ 36.Kf2 Ne4+ 37.Ke1 Nc5 38.Rxd6 Re8 39.Kd1 Nd3 40.Bxd3 cxd3 41.Kd2
Rg2+ 42.Kxd3 Rxb2 43.Rxg6+ Kf7 44.Rxa6 Rb3+ 45.Kc4 Rxf3 46.Rh7+ Kf8 47.Rh8+
{#r} 1-0

[Event "Ch World (juniors) (under 12)"]
[Site "masterchessopen.com - Kemer (Turkey)"]
[Date "2007.11.22"]
[Round "6"]
[White "Abozenko Georg (EST)"]
[Black "Kaphle Sebastian (GER)"]
[Result "0-1"]
[WhiteElo "1911"]
[BlackElo "2086"]

1.d4 Nf6 2.Nf3 c5 3.d5 e6 4.c4 exd5 5.cxd5 d6 6.Nc3 g6 7.e4 Bg7 8.Bg5 O-O
9.Bd3 a6 10.a4 Re8 11.O-O Bg4 12.h3 Bxf3 13.Qxf3 Nbd7 14.Rae1 Qc7 15.Qe3 Rab8
16.Bh6 Bh8 17.f4 Ng4 18.Qd2 Nxh6 19.f5 Bg7 20.g4 gxf5 21.g5 fxe4 22.gxh6 Bd4+
23.Kh1 exd3 24.Qg5+ Kh8 25.Rxe8+ Rxe8 26.Rxf7 Qc8 27.Ne4 Nf8 28.Qg2 Rxe4 {#R}
0-1

[Event "Czech League 2007/08 (2nd) (d)"]
[Site "masterchessopen.com - Czech Republic"]
[Date "2007.12.02"]
[Round "4"]
[White "Fiedler Bedrich (CZE)"]
[Black "Kratochvil Josef (CZE)"]
[Result "0-1"]
[WhiteElo "2156"]
[BlackElo "1979"]

1.d4 Nf6 2.Nf3 c5 3.d5 e6 4.c4 exd5 5.cxd5 d6 6.Nc3 g6 7.e4 Bg7 8.Bg5 h6 9.Bh4
g5 10.Bg3 Nh5 11.Nd2 Nxg3 12.hxg3 O-O 13.g4 Qe7 14.Be2 Nd7 15.Kf1 Ne5 16.g3
Bd7 17.a4 Rfb8 18.Kg2 a6 19.Nf1 b5 20.Ne3 b4 21.Nb1 c4 22.Nd2 c3 23.bxc3 bxc3
24.Ndf1 Ng6 25.Bd3 c2 26.Bxc2 Bxa1 27.Qxa1 Qe5 28.Qxe5 Nxe5 29.Rxh6 Bxg4 30.f4
Bf3+ 31.Kf2 gxf4 32.gxf4 Rb2 33.fxe5 Bxe4 34.Rxd6 Bxc2 35.Nxc2 Rxc2+ 36.Ke3
Ra2 37.Ng3 Rxa4 38.Nf5 Rb8 39.Nh6+ Kh7 40.Nxf7 Rb3+ 41.Kd2 Ra2+ 42.Kc1 Rg3
43.Kb1 Rf2 {#R} 0-1

[Event "Ch Ukraine (1/2 final)"]
[Site "masterchessopen.com - Alushta (Ukraine)"]
[Date "2008.05.18"]
[Round "8"]
[White "Borzov Dmitri (UKR)"]
[Black "Ivanov Andrey A (UKR)"]
[Result "1-0"]
[WhiteElo "2209"]
[BlackElo "2299"]

1.d4 Nf6 2.c4 c5 3.d5 e6 4.Nc3 exd5 5.cxd5 d6 6.e4 g6 7.Nf3 Bg7 8.Bg5 O-O
9.Nd2 h6 10.Bh4 Re8 11.Be2 b6 12.O-O Ba6 13.f4 Bxe2 14.Qxe2 a6 15.Qf3 Qc7
16.e5 Nfd7 17.e6 Nf8 18.f5 gxf5 19.Rae1 Be5 20.Rxe5 dxe5 21.d6 Qxd6 22.exf7+
{#r} 1-0

[Event "Tournament (open)"]
[Site "masterchessopen.com - Donostia (Spain)"]
[Date "2008.06.07"]
[Round "6"]
[White "Iglesias Gonzalez Veronica (ESP)"]
[Black "Darrigues Alain (FRA)"]
[Result "0-1"]
[WhiteElo "1805"]
[BlackElo "2046"]

1.d4 Nf6 2.c4 c5 3.d5 e6 4.Nc3 exd5 5.cxd5 d6 6.e4 g6 7.Nf3 Bg7 8.Bg5 h6
9.Bxf6 Bxf6 10.Bb5+ Nd7 11.O-O O-O 12.Qd2 Bg7 13.Rab1 a6 14.Bd3 b5 15.Rfe1 Re8
16.b3 Ra7 17.a4 b4 18.Ne2 Kh7 19.Qf4 Nf6 20.Ng3 Rae7 21.h4 Qb6 22.Nd2 Nxd5
23.exd5 Rxe1+ 24.Rxe1 Rxe1+ 25.Kh2 Qc7 26.h5 Qe7 27.Nf3 Rd1 28.hxg6+ fxg6
29.Bc2 Rxd5 30.Nh4 Rg5 31.Nf3 Rg4 32.Qd2 Bb7 33.Qd3 Be5 34.Kh3 h5 35.Qe2 Kg7
36.Qd3 Kh8 37.Qe3 Rxg3+ {#R} 0-1

[Event "Ch Europe (team) (juniors) (under 18) (g)"]
[Site "masterchessopen.com - Szeged (Hungary)"]
[Date "2008.06.15"]
[Round "2"]
[White "Misovic Sanja (MNE)"]
[Black "Gosciniak Maria (POL)"]
[Result "0-1"]
[WhiteElo "1937"]
[BlackElo "2161"]

1.d4 Nf6 2.c4 c5 3.d5 e6 4.Nc3 exd5 5.cxd5 d6 6.e4 g6 7.Bg5 Bg7 8.Nf3 O-O
9.Bd3 Bg4 10.h3 Bxf3 11.Qxf3 a6 12.a4 Nbd7 13.Qd1 Re8 14.O-O Qc7 15.Re1 c4
16.Bf1 b6 17.Qc2 Rab8 18.Be3 b5 19.axb5 axb5 20.Ra7 Qc8 21.Ra5 b4 22.Nb5 Qd8
23.Qa4 Nxe4 24.Bxc4 Bxb2 25.Nd4 Nb6 26.Nc6 Nxa4 27.Nxd8 Bc3 28.Rxa4 Bxe1
29.Nc6 Ra8 30.Na5 b3 31.Bb6 b2 32.Bd3 Nc5 33.Bxc5 dxc5 {#R} 0-1

[Event "Memorial Petrosian (open)"]
[Site "masterchessopen.com - Uljanovsk (Russia)"]
[Date "2008.06.24"]
[Round "9"]
[White "Uryadov Sergey S (RUS)"]
[Black "Kolosov Anatoly (RUS)"]
[Result "0-1"]
[WhiteElo "1865"]
[BlackElo "1923"]

1.d4 Nf6 2.c4 c5 3.d5 e6 4.Nc3 exd5 5.cxd5 d6 6.Nf3 g6 7.Bg5 Bg7 8.e4 O-O
9.Bd3 Re8 10.O-O a6 11.a4 Nbd7 12.Re1 Qc7 13.Nd2 Rb8 14.f4 Nh5 15.Rf1 Bd4+
16.Kh1 Ndf6 17.Be2 Ng7 18.Bf3 h5 19.Ne2 Ng4 20.Nxd4 Ne3 21.Qc1 Nxf1 22.Nxf1
Qd7 23.Ne2 b5 24.Qc3 f5 25.e5 b4 26.Qe3 Qb7 27.e6 b3 28.Bf6 Kh7 29.Qc3 Rg8
30.Nd2 Ne8 31.Bh4 Rg7 32.Ng1 Qb4 33.Qxb4 Rxb4 34.Ne2 a5 35.Ra3 c4 36.Nc3 Ba6
37.Bd8 Nc7 38.e7 Ne8 39.Bxa5 Rxe7 40.Ra1 Rb8 41.Ne2 Nf6 42.Rc1 Nxd5 43.Nd4
Rbe8 44.N2xb3 Nxf4 45.Nc6 {#R} 0-1

[Event "Ch Brazil (seniors)"]
[Site "masterchessopen.com - Rio de Janeiro (Brazil)"]
[Date "2008.07.07"]
[Round "1"]
[White "Rolim Carlos Alves (BRA)"]
[Black "Horta Antonio Mauricio Rios (BRA)"]
[Result "1-0"]
[WhiteElo "2015"]
[BlackElo "2031"]

1.d4 e6 2.c4 c5 3.d5 exd5 4.cxd5 d6 5.e4 g6 6.Nc3 Bg7 7.Nf3 Nf6 8.Bg5 Bg4 9.h3
Bd7 10.Bd3 O-O 11.O-O Na6 12.Bxa6 bxa6 13.Qe2 Qb6 14.a4 Rab8 15.Rab1 Rfe8
16.Nd2 a5 17.f3 Nh5 18.Kh2 h6 19.Be3 f5 20.g4 fxg4 21.hxg4 Nf6 22.Bf4 Qc7
23.Nc4 Bf8 24.Rh1 Rb4 25.b3 g5 26.Bg3 a6 27.Kg2 Bc8 28.Nd2 Kg7 29.Be1 Rb8 {#r}
1-0

[Event "Ch France (open) (d)"]
[Site "masterchessopen.com - Pau (France)"]
[Date "2008.08.16"]
[Round "5"]
[White "Billon Florent"]
[Black "Boualit Michael"]
[Result "1-0"]
[WhiteElo "1450"]
[BlackElo "1499"]

1.d4 Nf6 2.c4 c5 3.d5 e6 4.Nc3 exd5 5.cxd5 d6 6.e4 g6 7.Nf3 Bg7 8.Bg5 O-O
9.Bd3 Re8 10.O-O Nbd7 11.Re1 h6 12.Bf4 Ne5 13.Nxe5 dxe5 14.Be3 b6 15.h3 Bd7
16.Qd2 Kh7 17.f4 exf4 18.Bxf4 Nh5 19.Rf1 Nxf4 20.Qxf4 Rf8 21.Rf3 Qe7 22.h4 Be5
23.Qc1 Qxh4 24.Rh3 Bxh3 25.Qd2 Bd7 26.Ne2 Qh2+ 27.Kf2 Qh4+ 28.Kf1 Qh1+ 29.Ng1
Bd4 30.Ke2 Bg4+ 31.Ke1 Qxg1+ 32.Bf1 Rae8 33.Qf4 Qe3+ 34.Qxe3 Rxe4 35.Qxe4 Bd7
36.Kd2 Re8 37.Qf3 Kg7 38.Re1 Rxe1 39.Kxe1 Bxb2 40.Bc4 b5 41.Qe2 Bc3+ 42.Kf1
bxc4 43.Qxc4 Bd4 44.Qa6 Bf5 45.Qxa7 h5 46.d6 Bf6 47.Qxc5 g5 48.Qxf5 {#r} 1-0

[Event "It (open)"]
[Site "masterchessopen.com - Kuala Lumpur (Malaysia)"]
[Date "2008.08.23"]
[Round "9"]
[White "Pereira Johnharry (SIN)"]
[Black "Au Leslie (USA)"]
[Result "1-0"]
[WhiteElo "1926"]
[BlackElo "2239"]

1.d4 Nf6 2.c4 c5 3.d5 e6 4.Nc3 exd5 5.cxd5 d6 6.Nf3 g6 7.e4 Bg7 8.Bg5 O-O
9.Nd2 a6 10.a4 Qc7 11.Be2 Nbd7 12.O-O b6 13.Nc4 Bb7 14.Bf4 Ne8 15.Bg4 Ne5
16.Nxe5 dxe5 17.Be3 Rd8 18.Qc2 Nd6 19.Bh3 f5 20.f3 f4 21.Be6+ Kh8 22.Bf2 g5
23.Rac1 Bc8 24.Bxc8 Rxc8 25.Qe2 Qb7 26.Nb1 Rf7 27.a5 bxa5 28.Rxc5 Rfc7 29.Rfc1
Nb5 30.Rxc7 Rxc7 31.Rxc7 Qxc7 32.Qd2 Bf8 33.Nc3 Bb4 34.Be1 Qc4 35.h3 Bc5+
36.Bf2 Bb4 37.Qe2 Qxe2 38.Nxe2 Nd6 39.Nc1 Nb7 40.Nd3 Bd6 41.Kf1 Kg7 42.Ke2 Kf7
43.Kd1 h5 44.Kc2 Ke7 45.Kb3 Kd7 46.Ka4 Ke7 47.Bb6 Kf6 48.Bxa5 Ke7 49.Bb4 Kd7
50.Bxd6 Kxd6 51.Kb4 a5+ 52.Kb5 Ke7 53.Nxe5 {#r} 1-0